Namanjali : (Record no. 165099)

MARC details
000 -LEADER
fixed length control field 00823nam a22002657a 4500
003 - CONTROL NUMBER IDENTIFIER
control field dpl
005 - DATE AND TIME OF LATEST TRANSACTION
control field 20190607140012.0
008 - FIXED-LENGTH DATA ELEMENTS--GENERAL INFORMATION
fixed length control field 190607b ||||| |||| 00| 0 eng d
010 ## - LIBRARY OF CONGRESS CONTROL NUMBER
LC control number A-877762
020 ## - INTERNATIONAL STANDARD BOOK NUMBER
Terms of availability 115.00
035 ## - SYSTEM CONTROL NUMBER
System control number A-877762
037 ## - SOURCE OF ACQUISITION
Source of stock number/acquisition Cen Lib/Ret
040 ## - CATALOGING SOURCE
Original cataloging agency dpl
Language of cataloging EN
Transcribing agency dpl
082 ## - DEWEY DECIMAL CLASSIFICATION NUMBER
Classification number 920
Item number NAM
245 ## - TITLE STATEMENT
Title Namanjali :
Statement of responsibility, etc compiled by Usha Kedia;edited by Ratan Sharda
Remainder of title an identity-not just a name /
250 ## - EDITION STATEMENT
Edition statement 2nd rev ed
260 ## - PUBLICATION, DISTRIBUTION, ETC. (IMPRINT)
Name of publisher, distributor, etc Shlok Pulication
Date of publication, distribution, etc 1996
Place of publication, distribution, etc Bombay
270 ## - ADDRESS
Address 3rd Floor, Sharda Bhuvan, Nanda Patkar Road, Vile Parle(East)
City Bombay
Postal code 400 057
300 ## - PHYSICAL DESCRIPTION
Extent 241p. :
Dimensions 20cm(Hb)
Other physical details ill.
650 ## - SUBJECT ADDED ENTRY--TOPICAL TERM
Topical term or geographic name as entry element Names.
9 (RLIN) 22042
650 ## - SUBJECT ADDED ENTRY--TOPICAL TERM
Topical term or geographic name as entry element Names & Insignia.
9 (RLIN) 22043
700 ## - ADDED ENTRY--PERSONAL NAME
Personal name Kedia, Usha
9 (RLIN) 22044
700 ## - ADDED ENTRY--PERSONAL NAME
Personal name Sharda, Ratan
9 (RLIN) 22045
942 ## - ADDED ENTRY ELEMENTS (KOHA)
Source of classification or shelving scheme Dewey Decimal Classification
Koha item type English Books
Classification part 920
Call number suffix NAM
Holdings
Withdrawn status Lost status Source of classification or shelving scheme Damaged status Not for loan Collection code Home library Current library Date acquired Cost, normal purchase price Total Checkouts Full call number Barcode Date last seen Date checked out Cost, replacement price Price effective from Koha item type
    Dewey Decimal Classification     Non-fiction Shahdara Branch Shahdara Branch 07/06/2019 115.00 1 920 NAM A-877762 18/06/2019 07/06/2019 115.00 07/06/2019 English Books

© Delhi Public Library
Hit Counter
free hit counter